|
|
|
|
| LEADER |
00000nas a2200000 a 4500 |
| 001 |
vtls008689216 |
| 003 |
SK-MaSNL |
| 005 |
20260221112647.0 |
| 008 |
060407c mr1 0 0eng d |
| 040 |
|
|
|a SNK
|b slo
|c SNK
|
| 245 |
0 |
0 |
|a Sborník Přírodovědecký
|
| 260 |
|
|
|a Praha
|b Druhá třída České akademie věd a umění
|
| 910 |
|
|
|a snk
|
| 999 |
|
|
|c 834
|d 2764
|
| 952 |
|
|
|0 0
|1 1
|3 rekatalogizácia
|4 0
|7 0
|8 5
|a SNK
|b SNK
|d 2006-04-07
|i snkF 2750/87
|l 0
|o snkČB 2290/1/1925
|p 17A0504235
|r 2026-02-21 19:52:10
|w 2026-02-21
|y PREZ
|
| 952 |
|
|
|0 0
|1 1
|3 rekatalogizácia
|4 0
|7 0
|8 5
|a SNK
|b SNK
|d 2006-04-07
|i snkF 2349/79
|l 0
|o snkČB 2290/2/1926
|p 17A0504234
|r 2026-02-21 19:52:10
|w 2026-02-21
|y PREZ
|
| 952 |
|
|
|0 0
|1 1
|3 rekatalogizácia
|4 0
|7 0
|8 1
|a SNK
|b SNK
|d 2006-04-07
|i snkČID 82/57
|l 0
|o snkČB 2290/3/1926
|p 17A0504233
|r 2026-02-21 19:52:10
|w 2026-02-21
|y PREZ
|
| 952 |
|
|
|0 0
|1 1
|3 rekatalogizácia
|4 0
|7 0
|8 1
|a SNK
|b SNK
|d 2006-04-07
|i snkČID 83/57
|l 0
|o snkČB 2290/4/1927
|p 17A0504237
|r 2026-02-21 19:52:10
|w 2026-02-21
|y PREZ
|
| 952 |
|
|
|0 0
|1 1
|3 rekatalogizácia
|4 0
|7 0
|8 2
|a SNK
|b SNK
|d 2006-04-07
|i snkČID 84/57
|l 0
|o snkČB 2290/5/1928
|p 17A0504239
|r 2026-02-21 19:52:10
|w 2026-02-21
|y PREZ
|
| 952 |
|
|
|0 0
|1 1
|3 rekatalogizácia
|4 0
|7 0
|8 1
|a SNK
|b SNK
|d 2006-04-07
|i snkČID 85/57
|l 0
|o snkČB 2290/6/1929
|p 17A0504238
|r 2026-02-21 19:52:10
|w 2026-02-21
|y PREZ
|